[Event "II Torneo C.V.A. A"]
[Site "Arvier ITA"]
[Date "2005.04.20"]
[Round "4"]
[White "Renzini, Lorenzo"]
[Black "Virzi, Ettore"]
[Result "1/2-1/2"]
[WhiteElo "1736"]
[BlackElo "1972"]
[PlyCount "85"]
[EventDate "2005.04.18"]

1. c4 e6 2. Nc3 d5 3. cxd5 exd5 4. d4 c6 5. Nf3 Bf5 6. Bg5 Be7 7. Bxe7 Qxe7 8.
e3 Nf6 9. Bd3 Bxd3 10. Qxd3 Nbd7 11. O-O O-O 12. a3 Ne4 13. Nd2 f5 14. Ne2 Rf6
15. f3 Nxd2 16. Qxd2 Re8 17. Ng3 g6 18. Rfe1 Re6 19. Nf1 Nf6 20. Re2 Nh5 21.
Rae1 Nf4 22. Rf2 a6 23. Qc3 Qc7 24. b4 Nh5 25. Rfe2 Qe7 26. Qc5 Nf4 27. Rd2 Nh5
28. Qxe7 R8xe7 29. Kf2 Nf6 30. Rde2 Ne8 31. Nd2 Nd6 32. g3 Nb5 33. Nb1 g5 34.
a4 Nd6 35. Nd2 h5 36. h3 Kf8 37. f4 g4 38. hxg4 hxg4 39. Rh1 Kg7 40. Rh5 Rh6
41. Rxh6 Kxh6 42. Re1 Nc4 43. Nxc4 1/2-1/2

[Event "II Torneo C.V.A. A"]
[Site "Arvier ITA"]
[Date "2005.04.20"]
[Round "4"]
[White "Rombaldoni, Axel"]
[Black "Efimov, Igor"]
[Result "0-1"]
[WhiteElo "2147"]
[BlackElo "2458"]
[PlyCount "102"]
[EventDate "2005.04.18"]

1. e4 c5 2. Nf3 Nc6 3. d4 cxd4 4. Nxd4 Qc7 5. Nc3 e6 6. Be2 Nf6 7. O-O a6 8.
Nxc6 bxc6 9. f4 d5 10. exd5 cxd5 11. Kh1 Bb7 12. Be3 Bc5 13. Bd4 O-O 14. Qd2
Bxd4 15. Qxd4 Rac8 16. Rad1 Qc5 17. Bf3 a5 18. Rfe1 Qb4 19. a3 Qxd4 20. Rxd4 g6
21. Re2 Rc7 22. g3 Rfc8 23. Kg1 Ne8 24. Ra4 Rc5 25. Rd2 Nd6 26. Be2 Nc4 27.
Bxc4 dxc4 28. Rd4 f5 29. Nd1 Bd5 30. Ne3 Kf7 31. Kf2 Kf6 32. Ke1 h6 33. Kd2 g5
34. Kc3 g4 35. Nxc4 h5 36. Kd3 Bc6 37. b4 Rxc4 38. Rxc4 Rd8+ 39. Rd4 Rxd4+ 40.
Kxd4 Bxa4 41. c4 axb4 42. axb4 Bd1 43. b5 Be2 44. b6 Bf3 45. Kc5 Ke7 46. Kb5
Kd7 47. Ka6 Kc8 48. Kb5 Kb7 49. Kc5 Be2 50. Kb5 Bf1 51. Kc5 Ka6 0-1

[Event "II Torneo C.V.A. A"]
[Site "Arvier ITA"]
[Date "2005.04.20"]
[Round "4"]
[White "Rombaldoni, Denis"]
[Black "Cebalo, Miso"]
[Result "0-1"]
[WhiteElo "2336"]
[BlackElo "2507"]
[PlyCount "80"]
[EventDate "2005.04.18"]

1. d4 Nf6 2. c4 c5 3. d5 e6 4. Nc3 exd5 5. cxd5 d6 6. Nf3 g6 7. Bg5 Bg7 8. e3
h6 9. Bh4 g5 10. Bg3 Nh5 11. Bd3 O-O 12. Nd2 Nxg3 13. hxg3 f5 14. Qc2 Na6 15.
a3 Nc7 16. O-O Bd7 17. b4 Qf6 18. Rac1 b5 19. Be2 c4 20. Qd1 g4 21. Re1 Rae8
22. Ndb1 h5 23. Bf1 h4 24. Ne2 hxg3 25. Nxg3 Qf7 26. Ne2 Nxd5 27. g3 Bc6 28.
Bg2 Nxe3 29. fxe3 Bxg2 30. Kxg2 Qb7+ 31. Kg1 Rxe3 32. Nbc3 Rfe8 33. Qxd6 Rd3
34. Qg6 Ree3 35. Rc2 Rxg3+ 36. Nxg3 Rxg3+ 37. Kf1 Qh1+ 38. Ke2 Qf3+ 39. Kd2
Qf4+ 40. Ke2 Re3+ 0-1

[Event "II Torneo C.V.A. A"]
[Site "Arvier ITA"]
[Date "2005.04.20"]
[Round "4"]
[White "Ronchetti, Niccolo'"]
[Black "Bruno, Fabio"]
[Result "0-1"]
[WhiteElo "2364"]
[BlackElo "2374"]
[PlyCount "132"]
[EventDate "2005.04.18"]

1. e4 c5 2. Nf3 e6 3. c3 Nf6 4. e5 Nd5 5. d4 cxd4 6. cxd4 Nc6 7. Bc4 d6 8. O-O
Be7 9. Qe2 O-O 10. exd6 Qxd6 11. Nc3 Nxc3 12. bxc3 b6 13. Bd3 Bb7 14. Qe4 g6
15. Bh6 Rfe8 16. Bg5 Na5 17. Qe3 Rac8 18. Bb5 Nc4 19. Bxc4 Rxc4 20. Bxe7 Rxe7
21. Ne5 Rc8 22. Ng4 Rec7 23. Rac1 h5 24. Ne5 Kg7 25. Qg3 Qd5 26. h4 Rxc3 27.
Rxc3 Rxc3 28. Qg5 Qe4 29. f3 Qxd4+ 30. Kh2 Qd6 31. Kh3 Rc5 32. Re1 Qd4 33. a3
Bc6 34. Re2 Be8 35. Qe7 Rxe5 36. Rxe5 Qxe5 37. Qxe8 Qf5+ 38. Kg3 Qe5+ 39. Kh3
Qc5 40. a4 Qf5+ 41. Kg3 a6 42. Qc6 Qc5 43. Qb7 Qe5+ 44. Kh3 Qa5 45. Qd7 Qf5+
46. Kg3 e5 47. Qc6 Qf6 48. Qc7 Qf4+ 49. Kh3 Qd4 50. Qc6 Qb4 51. Qe8 Qd6 52. Qa8
Qd7+ 53. Kg3 Qxa4 54. Qb8 Qb5 55. Kh3 a5 56. g4 hxg4+ 57. fxg4 Qf1+ 58. Kg3
Qf4+ 59. Kh3 a4 60. Qd6 b5 61. Qa3 b4 62. Qxa4 Qf3+ 63. Kh2 Qxg4 64. Qa1 Qxh4+
65. Kg2 Qd4 66. Qb1 Qc3 0-1

[Event "II Torneo C.V.A. A"]
[Site "Arvier ITA"]
[Date "2005.04.20"]
[Round "4"]
[White "Siegmund, Rainer"]
[Black "Malano, Francesco"]
[Result "1/2-1/2"]
[WhiteElo "2149"]
[BlackElo "2026"]
[PlyCount "92"]
[EventDate "2005.04.18"]

1. d4 c5 2. d5 e5 3. e4 d6 4. c4 g6 5. Bd3 Bg7 6. Ne2 Ne7 7. Nbc3 O-O 8. f3 f5
9. Be3 Na6 10. Qd2 Nc7 11. a3 a6 12. b4 b6 13. Rb1 f4 14. Bf2 Ne8 15. Qb2 Bd7
16. Kd2 Nf6 17. bxc5 bxc5 18. Qb6 Nc8 19. Qxd8 Rxd8 20. Rb7 Kf8 21. Rhb1 Ne8
22. Bc2 Ne7 23. Ba4 Bc8 24. R7b2 Bf6 25. Nc1 g5 26. Ke2 g4 27. Be1 gxf3+ 28.
gxf3 Nc7 29. Rb6 Ra7 30. Rb8 Ra8 31. Rxa8 Nxa8 32. Bc6 Nxc6 33. dxc6 Nc7 34.
Nd5 Nxd5 35. cxd5 Ke7 36. Nd3 Rg8 37. Nf2 h5 38. a4 Kf7 39. Ba5 Bd8 40. Bxd8
Rxd8 41. a5 Rg8 42. Kf1 Ke7 43. Rb2 Kd8 44. Rb1 Rg7 45. Rb2 Rg8 46. Rb1 Rg7
1/2-1/2

[Event "II Torneo C.V.A. A"]
[Site "Arvier ITA"]
[Date "2005.04.20"]
[Round "4"]
[White "Straub, Peter"]
[Black "Rossi, Giampiero"]
[Result "1/2-1/2"]
[WhiteElo "2112"]
[BlackElo "2030"]
[PlyCount "61"]
[EventDate "2005.04.18"]

1. e4 c5 2. Nf3 e6 3. c4 d6 4. d4 cxd4 5. Nxd4 Nf6 6. Nc3 a6 7. Be2 Be7 8. O-O
Bd7 9. Be3 Nc6 10. Rc1 O-O 11. f4 Qb8 12. Bf3 Rc8 13. b3 Bf8 14. Qe1 Nxd4 15.
Bxd4 e5 16. Be3 b5 17. Nd5 Nxd5 18. cxd5 Qb7 19. Qg3 Rxc1 20. Rxc1 f6 21. Bg4
Rc8 22. Bxd7 Rxc1+ 23. Bxc1 Qxd7 24. f5 Qc7 25. Qe3 Qc2 26. a3 a5 27. h3 a4 28.
bxa4 bxa4 29. Bd2 g6 30. g4 gxf5 31. gxf5 1/2-1/2

[Event "II Torneo C.V.A. A"]
[Site "Arvier ITA"]
[Date "2005.04.20"]
[Round "4"]
[White "Ziltener, Werner"]
[Black "De Santis, Alessio"]
[Result "0-1"]
[WhiteElo "2095"]
[BlackElo "2248"]
[PlyCount "80"]
[EventDate "2005.04.18"]

1. d4 d6 2. g3 f5 3. Bg2 Nf6 4. Nc3 d5 5. Nf3 c6 6. Ne5 e6 7. O-O Be7 8. f3 c5
9. Be3 Nc6 10. Nxc6 bxc6 11. Na4 cxd4 12. Bxd4 Qa5 13. b3 c5 14. Be5 Ba6 15.
Re1 Rd8 16. e3 O-O 17. Bf1 Bb7 18. Qe2 Nd7 19. Bc3 Qc7 20. Qb5 a6 21. Qe2 Qc6
22. Bg2 Bf6 23. Bxf6 Nxf6 24. Rad1 h5 25. Nb2 e5 26. Nd3 Rfe8 27. Nf2 h4 28. c3
hxg3 29. hxg3 Nh5 30. Nh1 Qg6 31. Kf2 f4 32. g4 fxe3+ 33. Qxe3 Nf4 34. Rg1 d4
35. cxd4 cxd4 36. Qd2 Rc8 37. Kg3 Rc2 38. Qe1 Ne2+ 39. Kf2 d3 40. Rd2 Qb6+ 0-1

[Event "II Torneo C.V.A. A"]
[Site "Arvier ITA"]
[Date "2005.04.21"]
[Round "5"]
[White "Antoniacci, Riccardo"]
[Black "Straub, Peter"]
[Result "1/2-1/2"]
[WhiteElo "1997"]
[BlackElo "2112"]
[PlyCount "30"]
[EventDate "2005.04.18"]

1. e4 c5 2. Nf3 e6 3. d3 d5 4. Nbd2 Nf6 5. g3 Nc6 6. Bg2 Be7 7. O-O O-O 8. e5
Nd7 9. Re1 Qc7 10. Qe2 b5 11. Nf1 a5 12. Bf4 Ba6 13. h4 Rac8 14. h5 Kh8 15.
N1h2 Nd4 1/2-1/2

[Event "II Torneo C.V.A. A"]
[Site "Arvier ITA"]
[Date "2005.04.21"]
[Round "5"]
[White "Battistella, Stefano"]
[Black "Bettera, Roberto"]
[Result "1/2-1/2"]
[WhiteElo "2055"]
[BlackElo "1892"]
[PlyCount "48"]
[EventDate "2005.04.18"]

1. c4 Nf6 2. Nc3 g6 3. e4 d6 4. g3 Bg7 5. Bg2 c5 6. Nge2 Nc6 7. d3 O-O 8. O-O
Bd7 9. h3 a6 10. Be3 Rb8 11. a4 Ne8 12. f4 Nc7 13. d4 cxd4 14. Nxd4 Nxd4 15.
Bxd4 Ne6 16. Bxg7 Kxg7 17. f5 Qb6+ 18. Kh2 Nc7 19. Rb1 Qc5 20. Qd3 b5 21. cxb5
axb5 22. b4 Qe5 23. a5 Rfc8 24. Rf2 f6 1/2-1/2

[Event "II Torneo C.V.A. A"]
[Site "Arvier ITA"]
[Date "2005.04.21"]
[Round "5"]
[White "Bisignano, Giuseppe"]
[Black "Didoni, Renato"]
[Result "0-1"]
[WhiteElo "1956"]
[BlackElo "2060"]
[PlyCount "64"]
[EventDate "2005.04.18"]

1. e4 d6 2. Nc3 Nf6 3. d4 Nbd7 4. f4 g6 5. Nf3 Bg7 6. Bd3 c6 7. e5 Nd5 8. Nxd5
cxd5 9. exd6 exd6 10. O-O O-O 11. c3 Nf6 12. Qc2 Qc7 13. f5 Bd7 14. h3 Rae8 15.
Bf4 Qb6 16. Rae1 Rxe1 17. Rxe1 Ne4 18. Ng5 Bxf5 19. Bxe4 dxe4 20. g4 Bd7 21.
Rxe4 h6 22. Nf3 h5 23. Be3 Qc6 24. Qd3 hxg4 25. hxg4 Bxg4 26. d5 Qd7 27. Ng5
Bf5 28. Qc2 Bxe4 29. Qxe4 Re8 30. Qf4 Qe7 31. Bf2 Bh6 32. Bh4 f6 0-1

[Event "II Torneo C.V.A. A"]
[Site "Arvier ITA"]
[Date "2005.04.21"]
[Round "5"]
[White "Bondielli, Giorgio"]
[Black "Ziltener, Werner"]
[Result "1-0"]
[WhiteElo "1976"]
[BlackElo "2095"]
[PlyCount "113"]
[EventDate "2005.04.18"]

1. e4 e5 2. Nf3 Nc6 3. d4 exd4 4. Bc4 Nf6 5. O-O Nxe4 6. Re1 d5 7. Bxd5 Qxd5 8.
Nc3 Qa5 9. Nxe4 Be6 10. Neg5 O-O-O 11. Nxe6 fxe6 12. Rxe6 Bd6 13. Bg5 Rdf8 14.
Qe1 Qf5 15. Qe4 Kd7 16. Re1 Qxe4 17. R6xe4 Re8 18. Rxe8 Rxe8 19. Rxe8 Kxe8 20.
Kf1 Kf7 21. Ke2 Ke6 22. Bd2 h6 23. Kd3 Kd5 24. Nxd4 Ne5+ 25. Kc3 Ng4 26. f3
Nxh2 27. Kd3 Be5 28. c4+ Kd6 29. Nb5+ Kd7 30. Bc3 Bxc3 31. Nxc3 c6 32. Ne4 Ke7
33. Ke3 b5 34. cxb5 cxb5 35. Kf2 Ke6 36. Kg1 Nxf3+ 37. gxf3 Ke5 38. Kf2 Kf4 39.
Nc3 a6 40. Nd5+ Ke5 41. Nc7 Kd4 42. Nxa6 Kd3 43. Nb4+ Kc4 44. Nc6 Kd5 45. Ne7+
Ke6 46. Nc6 Kd5 47. Na5 g5 48. b3 h5 49. a4 bxa4 50. bxa4 Kc5 51. Nb3+ Kb4 52.
a5 Kb5 53. Kg3 Ka6 54. Nc5+ Kxa5 55. Ne6 g4 56. f4 Kb5 57. Ng7 1-0

[Event "II Torneo C.V.A. A"]
[Site "Arvier ITA"]
[Date "2005.04.21"]
[Round "5"]
[White "Bruno, Fabio"]
[Black "Garcia Palermo, Carlos Horacio"]
[Result "1/2-1/2"]
[WhiteElo "2374"]
[BlackElo "2459"]
[PlyCount "20"]
[EventDate "2005.04.18"]

1. d4 d5 2. Nf3 Nf6 3. g3 e6 4. Bg2 Be7 5. O-O O-O 6. c4 c5 7. cxd5 exd5 8. Nc3
Nc6 9. Bg5 Be6 10. Re1 c4 1/2-1/2

[Event "II Torneo C.V.A. A"]
[Site "Arvier ITA"]
[Date "2005.04.21"]
[Round "5"]
[White "Cavatorta, Fosco"]
[Black "Bonafede, Alessandro"]
[Result "0-1"]
[WhiteElo "1997"]
[BlackElo "2095"]
[PlyCount "114"]
[EventDate "2005.04.18"]

1. e4 c5 2. Nf3 Nc6 3. d4 cxd4 4. Nxd4 Nf6 5. Nc3 e5 6. Ndb5 d6 7. Bg5 a6 8.
Na3 Be6 9. Bxf6 Qxf6 10. Nd5 Qd8 11. Nc4 Rc8 12. Ncb6 Rb8 13. c3 Be7 14. a4 O-O
15. a5 Kh8 16. Bd3 Bg5 17. h4 Bh6 18. g4 Bf4 19. b4 Ne7 20. Bc4 Nxd5 21. Bxd5
Qe7 22. Qd3 Bxg4 23. f3 Be6 24. Kf2 f5 25. Bxe6 Qxe6 26. Nd5 fxe4 27. Qxe4 Rf7
28. Rad1 Rbf8 29. Rd3 Qd7 30. Nb6 Qc7 31. Nc4 Rd8 32. Nb6 Bh6 33. Nd5 Qc6 34.
Rg1 Rdf8 35. Rg4 Qa4 36. Qe2 Qb3 37. c4 Qb1 38. Rg1 Bc1 39. Kg2 e4 40. Qxe4
Rxf3 41. Qxf3 Qc2+ 42. Kh3 Rxf3+ 43. Rxf3 g6 44. Rf8+ Kg7 45. Rgf1 Bb2 46.
R8f7+ Kh8 47. Rf8+ Kg7 48. R1f7+ Kh6 49. Ne3 Bd4 50. Rf3 Qe4 51. R8f7 g5 52.
hxg5+ Kg6 53. Nd5 Qe6+ 54. Kh4 Qe1+ 55. Kh3 Qh1+ 56. Kg3 Be5+ 57. Nf4+ Kxf7 0-1

[Event "II Torneo C.V.A. A"]
[Site "Arvier ITA"]
[Date "2005.04.21"]
[Round "5"]
[White "Cebalo, Miso"]
[Black "Naumkin, Igor"]
[Result "1/2-1/2"]
[WhiteElo "2507"]
[BlackElo "2412"]
[PlyCount "57"]
[EventDate "2005.04.18"]

1. d4 e6 2. c4 Nf6 3. Nc3 Bb4 4. f3 d5 5. a3 Bxc3+ 6. bxc3 c5 7. cxd5 Nxd5 8.
dxc5 f5 9. Nh3 O-O 10. Nf4 Nxf4 11. Bxf4 Qa5 12. e3 Qxc3+ 13. Kf2 Nc6 14. Bd6
Re8 15. Bb5 Qf6 16. Qb3 Kh8 17. Rhd1 e5 18. Qc3 Bd7 19. Rab1 f4 20. Kg1 Rac8
21. Bf1 fxe3 22. Qxe3 Nd4 23. Bxe5 Rxe5 24. Qxd4 Bc6 25. Rb2 Rce8 26. Rbd2 h6
27. f4 Rf5 28. Qxf6 gxf6 29. Rd8 1/2-1/2

[Event "II Torneo C.V.A. A"]
[Site "Arvier ITA"]
[Date "2005.04.21"]
[Round "5"]
[White "Corke, Anya S."]
[Black "Sarno, Spartaco"]
[Result "1/2-1/2"]
[WhiteElo "2138"]
[BlackElo "2382"]
[PlyCount "43"]
[EventDate "2005.04.18"]

1. d4 g6 2. e4 d6 3. Bc4 Nf6 4. Qe2 Nc6 5. Nf3 Bg7 6. c3 O-O 7. Bg5 e5 8. dxe5
Nxe5 9. Nxe5 dxe5 10. O-O c6 11. Na3 Qe7 12. f3 b5 13. Bb3 a5 14. Qf2 a4 15.
Bd1 Qc7 16. Be3 Be6 17. Bc5 Rfe8 18. Be2 Nd7 19. Be3 Reb8 20. Nc2 Nb6 21. Na3
Nd7 22. Nc2 1/2-1/2

[Event "II Torneo C.V.A. A"]
[Site "Arvier ITA"]
[Date "2005.04.21"]
[Round "5"]
[White "Efimov, Igor"]
[Black "Karl, Hans"]
[Result "1/2-1/2"]
[WhiteElo "2458"]
[BlackElo "2294"]
[PlyCount "63"]
[EventDate "2005.04.18"]

1. g3 d5 2. Bg2 Nf6 3. d3 e5 4. Nf3 Bd6 5. O-O O-O 6. c4 c6 7. a3 a5 8. Bg5 Be6
9. Nfd2 Nbd7 10. Nc3 d4 11. Nce4 Be7 12. Nxf6+ Nxf6 13. Bxf6 Bxf6 14. b4 axb4
15. axb4 Qb6 16. Qb3 Be7 17. b5 Bd7 18. Rxa8 Rxa8 19. bxc6 Qxb3 20. cxb7 Qxb7
21. Bxb7 Ra2 22. Nf3 Rxe2 23. Ra1 g6 24. Kg2 Bf5 25. Rd1 f6 26. h3 Be6 27. Nd2
Bb4 28. Ne4 Kf7 29. g4 Rc2 30. Rb1 Be7 31. Rb6 f5 32. gxf5 1/2-1/2

[Event "II Torneo C.V.A. A"]
[Site "Arvier ITA"]
[Date "2005.04.21"]
[Round "5"]
[White "Frova, Martino"]
[Black "Hansen, Henrik Damgaard"]
[Result "0-1"]
[WhiteElo "1742"]
[BlackElo "1909"]
[PlyCount "82"]
[EventDate "2005.04.18"]

1. e4 d5 2. exd5 Nf6 3. Nc3 Nxd5 4. d4 g6 5. Nf3 Bg7 6. Bc4 c6 7. O-O O-O 8.
Bg5 Re8 9. h3 Be6 10. Qd2 Nd7 11. Ne4 N7b6 12. Bb3 Nc7 13. Bh6 Nc4 14. Bxc4
Bxc4 15. Bxg7 Kxg7 16. Rfe1 Ne6 17. b3 Ba6 18. c4 b6 19. Rad1 Bb7 20. Qc3 Kg8
21. Neg5 Nxg5 22. Nxg5 e6 23. Ne4 f5 24. Ng3 Qf6 25. c5 Rad8 26. b4 Rd5 27. Nf1
Red8 28. Qb3 Kf7 29. Ne3 Rxd4 30. Rxd4 Rxd4 31. Nc4 Ba6 32. Nd6+ Ke7 33. Qa4
bxc5 34. Qxa6 Kxd6 35. bxc5+ Kd5 36. Qxa7 e5 37. Qd7+ Kxc5 38. Rc1+ Rc4 39.
Qa7+ Kd5 40. Qa5+ c5 41. Qd8+ Qxd8 0-1

[Event "II Torneo C.V.A. A"]
[Site "Arvier ITA"]
[Date "2005.04.21"]
[Round "5"]
[White "Hecht, Hans-Joachim"]
[Black "De Santis, Alessio"]
[Result "1/2-1/2"]
[WhiteElo "2384"]
[BlackElo "2248"]
[PlyCount "25"]
[EventDate "2005.04.18"]

1. d4 d6 2. e4 Nf6 3. Nc3 c6 4. Nf3 Bg4 5. Be2 e6 6. O-O d5 7. Ne5 Bxe2 8. Qxe2
Be7 9. exd5 exd5 10. Bf4 O-O 11. Rad1 Re8 12. Rd3 Nbd7 13. Nd1 1/2-1/2

[Event "II Torneo C.V.A. A"]
[Site "Arvier ITA"]
[Date "2005.04.21"]
[Round "5"]
[White "Malano, Francesco"]
[Black "Dvirnyy, Danyyil"]
[Result "0-1"]
[WhiteElo "2026"]
[BlackElo "2120"]
[PlyCount "80"]
[EventDate "2005.04.18"]

1. f4 d5 2. Nf3 Nf6 3. g3 c6 4. Bg2 Bg4 5. h3 Bxf3 6. Bxf3 Nbd7 7. d4 e6 8. e3
Bd6 9. Nd2 h5 10. c4 h4 11. c5 Bc7 12. g4 g5 13. Nf1 Ne4 14. Bxe4 dxe4 15. Bd2
gxf4 16. exf4 Qf6 17. Qe2 Bxf4 18. Qxe4 Bxd2+ 19. Nxd2 O-O-O 20. O-O-O Qg5 21.
Rhf1 Rhf8 22. Kc2 Nf6 23. Qf4 Qg6+ 24. Kc1 Nd5 25. Qe5 Qd3 26. Rf3 Nb4 27. Rxd3
Nxd3+ 28. Kc2 Nxe5 29. dxe5 Rd4 30. Nf3 Rxd1 31. Kxd1 Kd7 32. Ke2 f6 33. Ke3
fxe5 34. Nxe5+ Ke8 35. g5 Rf5 36. Nf3 Kf7 37. b4 e5 38. a3 Ke6 39. g6 Kf6 40.
Nxh4 Rh5 0-1

[Event "II Torneo C.V.A. A"]
[Site "Arvier ITA"]
[Date "2005.04.21"]
[Round "5"]
[White "Orfali, Marcelo Rafael"]
[Black "Siegmund, Rainer"]
[Result "1-0"]
[WhiteElo "2041"]
[BlackElo "2149"]
[PlyCount "37"]
[EventDate "2005.04.18"]

1. e4 c5 2. a3 Nc6 3. b4 cxb4 4. axb4 Nxb4 5. c3 Nc6 6. d4 d5 7. exd5 Qxd5 8.
Na3 Bf5 9. Nb5 Rc8 10. Nxa7 Ra8 11. Nb5 Rc8 12. Be2 e5 13. Ra8 Qd8 14. Rxc8
Bxc8 15. d5 Nb8 16. d6 Na6 17. Bc4 Nf6 18. Nf3 Bg4 19. Nxe5 1-0

[Event "II Torneo C.V.A. A"]
[Site "Arvier ITA"]
[Date "2005.04.21"]
[Round "5"]
[White "Papale, Carmelo"]
[Black "Bjarnason, Oskar"]
[Result "0-1"]
[WhiteElo "1955"]
[BlackElo "2256"]
[PlyCount "26"]
[EventDate "2005.04.18"]

1. e4 d5 2. exd5 Qxd5 3. Nc3 Qa5 4. d4 Nf6 5. Nf3 Bg4 6. Bd3 Nc6 7. Be3 O-O-O
8. Bb5 Nxd4 9. Bxd4 e5 10. Nxe5 Bxd1 11. Rxd1 Bb4 12. a4 Rxd4 13. Rxd4 Bxc3+
0-1

[Event "II Torneo C.V.A. A"]
[Site "Arvier ITA"]
[Date "2005.04.21"]
[Round "5"]
[White "Pegoraro, Nicola"]
[Black "Greevenbosch, Cornelis"]
[Result "1/2-1/2"]
[WhiteElo "2082"]
[BlackElo "1794"]
[PlyCount "82"]
[EventDate "2005.04.18"]

1. e4 e5 2. Nf3 Nc6 3. d4 exd4 4. Bc4 Nf6 5. O-O Nxe4 6. Re1 d5 7. Bxd5 Qxd5 8.
Nc3 Qa5 9. Nxe4 Be6 10. Neg5 O-O-O 11. Nxe6 fxe6 12. Rxe6 Bd6 13. Bg5 Qd5 14.
Qe2 Kd7 15. Re1 Rdf8 16. Bh4 d3 17. Qxd3 Qxd3 18. cxd3 Rf5 19. Bg3 Rhf8 20.
R6e4 Rc5 21. Bxd6 cxd6 22. Rc4 Rb5 23. b3 Rbf5 24. Re2 Rd5 25. Rg4 g6 26. d4
Rc8 27. h4 Ne7 28. Rge4 Rc1+ 29. Re1 Rxe1+ 30. Rxe1 Nc6 31. Kf1 Kc7 32. Rd1 Rf5
33. Ke2 d5 34. a3 Kd6 35. Kd3 Rf4 36. Re1 Ne7 37. Re2 Nf5 38. Rc2 Nxh4 39. Nxh4
Rxh4 40. g3 Rh1 41. Rc8 Rd1+ 1/2-1/2

[Event "II Torneo C.V.A. A"]
[Site "Arvier ITA"]
[Date "2005.04.21"]
[Round "5"]
[White "Renzini, Lorenzo"]
[Black "Beccaris, Gabriele"]
[Result "0-1"]
[WhiteElo "1736"]
[BlackElo "2091"]
[PlyCount "63"]
[EventDate "2005.04.18"]

1. c4 Nf6 2. Nc3 c5 3. g3 g6 4. Bg2 Bg7 5. Nf3 O-O 6. O-O Nc6 7. d4 cxd4 8.
Nxd4 Qb6 9. Nf3 d6 10. Na4 Qc7 11. b3 Bf5 12. Bb2 Rfd8 13. Nc3 Qa5 14. Qe1 Rd7
15. Nd2 Nb4 16. Qc1 Rc8 17. a3 Nc6 18. e4 Be6 19. Nd5 Ne5 20. Qc3 Qxc3 21. Bxc3
Nxd5 22. exd5 Bf5 23. Ne4 b5 24. Bxe5 Bxe5 25. Rac1 Bb2 26. Rc2 Bxa3 27. Ra1
Bb4 28. Ra6 Rdc7 29. Rca2 bxc4 30. bxc4 Rxc4 31. Nd2 Bxd2 32. Rxd2 0-1

[Event "II Torneo C.V.A. A"]
[Site "Arvier ITA"]
[Date "2005.04.21"]
[Round "5"]
[White "Rossi, Aldo A."]
[Black "Abergel, Thal"]
[Result "1/2-1/2"]
[WhiteElo "2108"]
[BlackElo "2456"]
[PlyCount "70"]
[EventDate "2005.04.18"]

1. d4 Nf6 2. Nf3 e6 3. Bf4 d5 4. e3 Nbd7 5. Nbd2 Be7 6. Bd3 c5 7. c3 b6 8. O-O
Bb7 9. Ne5 O-O 10. Qf3 Nxe5 11. dxe5 Nd7 12. Qh3 g6 13. Nf3 a6 14. Qg3 Re8 15.
h4 c4 16. Bc2 d4 17. exd4 Bxf3 18. Qxf3 Bxh4 19. g3 Be7 20. g4 Bg5 21. Kg2 Bxf4
22. Qxf4 f6 23. Rh1 fxe5 24. Qh2 Nf8 25. Qxe5 Ra7 26. f4 Rf7 27. Kg3 Nd7 28.
Qd6 Nf6 29. Qe5 Nd7 30. Qd6 Nf6 31. Qe5 Qe7 32. Rae1 Nd7 33. Qe3 Qd6 34. a4 b5
35. Rh4 Ree7 1/2-1/2

[Event "II Torneo C.V.A. A"]
[Site "Arvier ITA"]
[Date "2005.04.21"]
[Round "5"]
[White "Rossi, Giampiero"]
[Black "Rombaldoni, Axel"]
[Result "0-1"]
[WhiteElo "2030"]
[BlackElo "2147"]
[PlyCount "66"]
[EventDate "2005.04.18"]

1. d4 d5 2. c4 e6 3. Nc3 c6 4. e3 f5 5. Nf3 Nf6 6. Bd3 Bd6 7. O-O O-O 8. Qe2
Ne4 9. Bd2 Bd7 10. Rfd1 Be8 11. Ne5 Qf6 12. f4 Qh6 13. Bxe4 dxe4 14. Re1 Nd7
15. Nxd7 Bxd7 16. c5 Bc7 17. b4 g5 18. g3 gxf4 19. exf4 Be8 20. Be3 Rd8 21. Qf2
Rf7 22. Na4 Rg7 23. Nb2 Qh3 24. Nc4 h5 25. Qg2 Qg4 26. Ne5 Bxe5 27. dxe5 h4 28.
Kf2 Rd3 29. Re2 Bh5 30. Rae1 Rgd7 31. Rb2 h3 32. Qh1 Rd1 33. Rbe2 Qxe2+ 0-1

[Event "II Torneo C.V.A. A"]
[Site "Arvier ITA"]
[Date "2005.04.21"]
[Round "5"]
[White "Traversi, Carlo"]
[Black "Marson, Antonio"]
[Result "1/2-1/2"]
[WhiteElo "1820"]
[BlackElo "1715"]
[PlyCount "21"]
[EventDate "2005.04.18"]

1. e4 c6 2. d4 d5 3. exd5 cxd5 4. Nf3 Nf6 5. Bb5+ Bd7 6. Bxd7+ Qxd7 7. O-O Nc6
8. c3 e6 9. Bf4 Be7 10. Nbd2 O-O 11. Re1 1/2-1/2

[Event "II Torneo C.V.A. A"]
[Site "Arvier ITA"]
[Date "2005.04.21"]
[Round "5"]
[White "Virzi, Ettore"]
[Black "De Leeuw, Johannes"]
[Result "1-0"]
[WhiteElo "1972"]
[BlackElo "1983"]
[PlyCount "63"]
[EventDate "2005.04.18"]

1. e4 e5 2. Nf3 Nc6 3. Bb5 a6 4. Ba4 Be7 5. O-O Nf6 6. Re1 b5 7. Bb3 d6 8. c3
O-O 9. h3 Na5 10. Bc2 c5 11. d4 Qc7 12. Nbd2 Nc6 13. d5 Nb8 14. a4 Bb7 15. b3
Nbd7 16. Nf1 Rfe8 17. Ng3 Nf8 18. Nf5 Ng6 19. g4 bxa4 20. bxa4 Bc8 21. Kh1 Bf8
22. Nh2 Nf4 23. Bxf4 exf4 24. Qf3 g6 25. Rg1 Kh8 26. Qxf4 gxf5 27. gxf5 Bg7 28.
Rxg7 Nh5 29. Rxh7+ Kxh7 30. Qg5 Ng7 31. f6 Rg8 32. Qh5+ 1-0

[Event "II Torneo C.V.A. A"]
[Site "Arvier ITA"]
[Date "2005.04.21"]
[Round "5"]
[White "Vrban, Damir"]
[Black "Ronchetti, Niccolo'"]
[Result "0-1"]
[WhiteElo "2131"]
[BlackElo "2364"]
[PlyCount "104"]
[EventDate "2005.04.18"]

1. e4 c5 2. Nf3 Nc6 3. d3 g6 4. g3 Bg7 5. Bg2 e6 6. O-O Nge7 7. Re1 O-O 8. e5
d6 9. exd6 Nf5 10. Nbd2 Nxd6 11. Nb3 c4 12. dxc4 Nxc4 13. c3 e5 14. Qe2 Nd6 15.
Ng5 a5 16. Ne4 Nf5 17. Bg5 f6 18. Rad1 Qe7 19. Bc1 Kh8 20. Qb5 Qc7 21. Nbc5 b6
22. Na4 Rb8 23. b3 Na7 24. Qe2 Qe7 25. f4 Nc6 26. Qb5 Na7 27. Qe2 Nc6 28. Qc4
Bd7 29. Qd5 Rfd8 30. Nd6 Be8 31. Nxf5 gxf5 32. Qf3 b5 33. Nb2 e4 34. Qe3 Bh5
35. Rxd8+ Qxd8 36. Qc5 Qd7 37. Bxe4 fxe4 38. Qxh5 f5 39. Rd1 Qe6 40. g4 fxg4
41. Qc5 g3 42. f5 gxh2+ 43. Kh1 Qe5 44. Qf2 Qxc3 45. Bf4 Re8 46. Rc1 Qxb2 47.
Qxb2 Bxb2 48. Rxc6 e3 49. Bg3 e2 50. Be1 b4 51. Re6 Rxe6 52. fxe6 Kg8 0-1

[Event "II Torneo C.V.A. A"]
[Site "Arvier ITA"]
[Date "2005.04.22"]
[Round "6"]
[White "Abergel, Thal"]
[Black "Dvirnyy, Danyyil"]
[Result "1-0"]
[WhiteElo "2456"]
[BlackElo "2120"]
[PlyCount "57"]
[EventDate "2005.04.18"]

1. e4 c5 2. Nf3 d6 3. Bc4 Nc6 4. d4 cxd4 5. Nxd4 Nf6 6. Nc3 Bd7 7. O-O g6 8.
Nxc6 Bxc6 9. Nd5 Bg7 10. Bg5 Bxd5 11. exd5 O-O 12. Re1 h6 13. Bh4 Rc8 14. Bb3
g5 15. Bg3 Nd7 16. c3 Ne5 17. f4 Ng6 18. fxg5 hxg5 19. Qh5 Bf6 20. Qh6 Bg7 21.
Qxg5 e5 22. Qh5 Bf6 23. Rf1 Bg5 24. Rf5 Be3+ 25. Kh1 Kg7 26. Raf1 f6 27. Bc2
Qe8 28. Bh4 Nxh4 29. Rg5+ 1-0